| 000 | 00883nam a22002897a 4500 | ||
|---|---|---|---|
| 003 | CHAP | ||
| 005 | 20220329133711.0 | ||
| 008 | 971013s1976 r 00010 d | ||
| 010 | _a9681 | ||
| 011 | _a10653 | ||
| 035 | _a9891 | ||
| 040 | _cCHAP | ||
| 090 | _aFolleto 3302 | ||
| 100 | 0 | 0 |
_aAcademia Nacional de Ciencias Forestales. México. _9381 |
| 245 | _aTestimonio de instalación | ||
| 260 |
_a(s.l.) : _bLa Academia, _c(1976) |
||
| 300 |
_a20 p. _b: ilus. |
||
| 590 |
_aBATCH-UPD _b10 _c20130110 _lUCH01 _h0322 |
||
| 590 |
_aBATCH-UPD _b10 _c20130409 _lUCH01 _h2354 |
||
| 590 |
_aBATCH-UPD _b10 _c20130410 _lUCH01 _h1511 |
||
| 590 |
_aBATCH-UPD _b10 _c20130913 _lUCH01 _h1845 |
||
| 590 |
_aCONVERSION _b10 _c20130109 _lUCH01 _h1306 |
||
| 650 | 1 | 4 |
_aBosques _xSociedades _xMéxico. _914390 |
| 901 | _aBK | ||
| 942 | _cFOLL | ||
| 949 |
_aFolleto 3302 _bBC _cFOLL _d-21040 _eTS1 _i9891 _mD. _si |
||
| 999 |
_c9681 _d9681 |
||